000 00245nmm a2200085Ia 4500
008 220120s9999||||xx |||||||||||||||||und||
100 _aDigit
245 0 _aPress conferences, game play videos, game trailers, dizzel g
260 _aNine dot Nine
_c2014
999 _c139932
_d139932